006080000a2200169000450024501320000050000510013265000270018365000240021065000260023465000320026065100230029265300180031504100130033370000220034610000230036877300470039110aGamma diversitysderived from and a determinant of alpha diversity and beta diversity. An analysis of three tropical landscapes a14aEcología del paisaje14aRiqueza de especies14aPaisajes antropizados14aFragmentación del paisaje 4dVeracruzpMéxico fScarabaeoidea0 aInglés1 aHalffter, Gonzalo1 aArellano, Lucrecia1 tActa Zoológica Mexicanaq27-76d2003g90